000 00605cam a22002053a 4500
001 39326
003 PGUSA
005 20140828083856.0
008 120401s2012||||xxu|||||s|||||000 | eng d
040 _aPGUSA
_beng
042 _adc
100 1 _aCobbold, Richard,
_d1797-1877
245 1 4 _aThe History of Margaret Catchpole :
_bA Suffolk Girl
_h[electronic resource] /
_cRichard Cobbold
260 _bProject Gutenberg,
_c2012
506 _aPublic domain in the USA.
516 _aElectronic text
830 0 _aProject Gutenberg
_v39326
856 4 0 _uhttp://www.gutenberg.org/ebooks/39326
942 _cEB
999 _c268579
_d268579